000 00864nmc a2200289 a 4500
003 AR-BaBNM
005 20251128203824.0
008 011101s[ca. ||||||||||||||000 | spa||
040 _cAR-BaBNM
100 1 _aOrtega, Emilio
245 1 0 _aLa actividad motriz en el niño de 6 a 8 años
_beducación física. 2
260 _a[S.l.]
_bCincel
_c[ca. 1980]
300 0 _a230 p.
_bfot., gráfs., il., tablas
490 0 _aExpresión y escuela
500 0 _aNo hay datos sobre lugar y fecha de edición
500 0 _aApéndice: dossier de controles
504 _aContiene bibliografía p. 229-230
650 4 _aEDUCACION FISICA
650 4 _aDESARROLLO DEL NINO
650 4 _aACTIVIDADES DE LA CLASE
650 4 _aDESARROLLO MOTOR
650 4 _aJUEGO
653 0 _aEDUCACION PRIMARIA
700 1 _aBlázquez, Domingo
942 _cBK
998 _cHector
999 _c5047
_d5047